[Event "Rostock SSC op 18th"]
[Site "Rostock"]
[Date "2019.08.08"]
[Round "3"]
[White "Abele, Stefan"]
[Black "Rex, Manuel"]
[Result "1/2-1/2"]
[WhiteElo "1678"]
[BlackElo "1032"]
[PlyCount "47"]
[EventDate "2019.08.07"]
[EventType "swiss"]
[EventRounds "7"]
[EventCountry "GER"]
[SourceTitle "EXT 2020"]
[Source "ChessBase"]
[SourceDate "2019.10.17"]
[SourceVersion "1"]
[SourceVersionDate "2019.10.17"]
[SourceQuality "1"]

1. e4 c5 2. g3 Nc6 3. Bg2 Nf6 4. d3 g6 5. f4 d6 6. Nf3 Bg7 7. c3 e6 8. 0-0 0-0 9. Na3 a6 10. Nc2 Qc7 11. h3 b5 12. Be3 Rb8 13. Rc1 Nd7 14. d4 b4 15. g4 bxc3 16. bxc3 Nb6 17. e5 Nc4 18. Bf2 cxd4 19. cxd4 d5 20. Ne3 N6a5 21. Nxc4 Nxc4 22. Nd2 Bd7 23. Re1 Rb2 24. Nxc4 1/2-1/2

[Event "Rostock SSC op 18th"]
[Site "Rostock"]
[Date "2019.08.07"]
[Round "2"]
[White "Kampf, Juergen"]
[Black "Abele, Stefan"]
[Result "1/2-1/2"]
[WhiteElo "1383"]
[BlackElo "1678"]
[PlyCount "74"]
[EventDate "2019.08.07"]
[EventType "swiss"]
[EventRounds "7"]
[EventCountry "GER"]
[SourceTitle "EXT 2020"]
[Source "ChessBase"]
[SourceDate "2019.10.17"]
[SourceVersion "1"]
[SourceVersionDate "2019.10.17"]
[SourceQuality "1"]

1. e4 c6 2. Nf3 d5 3. exd5 cxd5 4. d4 Nf6 5. c4 e6 6. cxd5 Nxd5 7. g3 Be7 8. Bg2 0-0 9. 0-0 Nc6 10. Nc3 Nf6 11. b3 Bd7 12. d5 Nxd5 13. Nxd5 exd5 14. Qxd5 Bf6 15. Rb1 Qc8 16. Bg5 Be6 17. Qc5 Bd8 18. Bxd8 Qxd8 19. Rbd1 Qb6 20. Qh5 f6 21. Rd6 Bf7 22. Qg4 Qb4 23. Qxb4 Nxb4 24. Rd2 Rad8 25. Rfd1 Nc6 26. Ne1 Rxd2 27. Rxd2 Rd8 28. Rb2 Rd1 29. Kf1 Bd5 30. Bxd5+ Rxd5 31. Ke2 Nb4 32. Nc2 Re5+ 33. Kd2 Nc6 34. Ne3 Kf7 35. Kc3 Rc5+ 36. Kd2 Ne5 37. Ke2 Ke6 1/2-1/2

[Event "Rostock SSC op 16th"]
[Site "Rostock"]
[Date "2017.07.30"]
[Round "7"]
[White "Popp, Michael"]
[Black "Abele, Stefan"]
[Result "1-0"]
[WhiteElo "1759"]
[BlackElo "1687"]
[PlyCount "97"]
[EventDate "2017.07.26"]
[EventType "swiss"]
[EventRounds "7"]
[EventCountry "GER"]
[SourceTitle "EXT 2018"]
[Source "ChessBase"]
[SourceDate "2017.10.13"]
[SourceVersion "1"]
[SourceVersionDate "2017.10.13"]
[SourceQuality "1"]

1. e4 c6 2. d4 d5 3. e5 Bf5 4. Nf3 e6 5. Be2 Nd7 6. 0-0 c5 7. c3 Ne7 8. Be3 Nc6 9. a3 Be7 10. Nbd2 0-0 11. b4 cxd4 12. cxd4 Rc8 13. Nb3 Ncxe5 14. dxe5 Bc2 15. Qd4 Bxb3 16. Qxa7 b6 17. Rfc1 Ra8 18. Qc7 Rc8 19. Qxd8 Rfxd8 20. Bb5 Bc4 21. Bxd7 Rxd7 22. Bxb6 Rb7 23. Be3 f6 24. Bd4 Ra8 25. g3 fxe5 26. Nxe5 Bf6 27. f4 Bxe5 28. Bxe5 Ra4 29. Kf2 Kf7 30. Ke3 g6 31. h4 Ra8 32. g4 Rba7 33. Bb2 Rc7 34. g5 Rcc8 35. Rab1 Bb3 36. Rxc8 Rxc8 37. Rc1 Bc4 38. a4 Ra8 39. a5 Rb8 40. Bc3 Ke7 41. Rb1 Rb7 42. Bd4 Bb5 43. Rh1 Bc6 44. Bc5+ Kf7 45. Kd4 Rd7 46. a6 Rd8 47. a7 Kg7 48. Ra1 Ra8 49. Ra6 1-0

[Event "Rostock SSC op 16th"]
[Site "Rostock"]
[Date "2017.07.26"]
[Round "1"]
[White "Hammel, Ralf"]
[Black "Abele, Stefan"]
[Result "1-0"]
[WhiteElo "2057"]
[BlackElo "1687"]
[PlyCount "55"]
[EventDate "2017.07.26"]
[EventType "swiss"]
[EventRounds "7"]
[EventCountry "GER"]
[SourceTitle "EXT 2018"]
[Source "ChessBase"]
[SourceDate "2017.10.13"]
[SourceVersion "1"]
[SourceVersionDate "2017.10.13"]
[SourceQuality "1"]

1. e4 c6 2. d4 d5 3. e5 Bf5 4. Nf3 e6 5. Be2 Qb6 6. 0-0 c5 7. c4 dxc4 8. Na3 Bd3 9. Bxd3 cxd3 10. Qxd3 cxd4 11. Nc4 Qd8 12. Nxd4 Nc6 13. Be3 Nxd4 14. Bxd4 Nh6 15. Rfd1 Be7 16. Qe4 Qb8 17. Nd6+ Bxd6 18. exd6 0-0 19. Qe5 Nf5 20. Bc3 Qe8 21. d7 Qe7 22. a3 f6 23. Qc7 Rfd8 24. Bb4 Qf7 25. Qxb7 Ne7 26. Bxe7 Qxe7 27. Rac1 Rab8 28. Qxb8 1-0

[Event "Solingen op"]
[Site "Solingen"]
[Date "2000.12.01"]
[Round "7"]
[White "Skiber, Friedel"]
[Black "Abele, Stefan"]
[Result "1/2-1/2"]
[WhiteElo "1644"]
[BlackElo "1732"]
[PlyCount "66"]
[EventDate "2000.09.08"]
[EventType "swiss"]
[EventRounds "7"]
[EventCountry "GER"]
[SourceTitle "EXT 2005"]
[Source "ChessBase"]
[SourceDate "2004.11.15"]
[SourceVersion "1"]
[SourceVersionDate "2004.11.15"]
[SourceQuality "1"]

1. e4 c6 2. Nc3 d5 3. d4 dxe4 4. Nxe4 Nf6 5. Ng3 Bg4 6. Be2 Bxe2 7. N1xe2 g6 8. 0-0 Bg7 9. b3 0-0 10. a4 Nd5 11. c4 Nb4 12. Rb1 Nd7 13. Ba3 a5 14. Ne4 Re8 15. Qd2 f5 16. Ng5 e5 17. Rbd1 Qf6 18. dxe5 Nxe5 19. Bb2 Nf3+ 20. Nxf3 Qxb2 21. Qxb2 Bxb2 22. Rd2 Bf6 23. Rfd1 Na6 24. Nf4 Nc5 25. Rd6 Kf7 26. h4 Rad8 27. Ng5+ Bxg5 28. hxg5 Rxd6 29. Rxd6 Ne4 30. Rd4 Nxg5 31. Nd3 Ne4 32. f3 Nc3 33. Kh2 Ne2 1/2-1/2

[Event "Solingen op"]
[Site "Solingen"]
[Date "2000.11.03"]
[Round "5"]
[White "Preuss, Manfred"]
[Black "Abele, Stefan"]
[Result "1-0"]
[WhiteElo "1836"]
[BlackElo "1732"]
[PlyCount "59"]
[EventDate "2000.09.08"]
[EventType "swiss"]
[EventRounds "7"]
[EventCountry "GER"]
[SourceTitle "EXT 2005"]
[Source "ChessBase"]
[SourceDate "2004.11.15"]
[SourceVersion "1"]
[SourceVersionDate "2004.11.15"]
[SourceQuality "1"]

1. e4 c6 2. d4 d5 3. Nc3 dxe4 4. Nxe4 Nf6 5. Nxf6+ gxf6 6. Nf3 Bf5 7. c3 e6 8. Qb3 Qc8 9. Bf4 Nd7 10. Nd2 Nb6 11. a4 Nd5 12. Bg3 h5 13. h4 Bh6 14. Nc4 Bf8 15. Nd6+ Bxd6 16. Bxd6 Qd7 17. Ba3 Rg8 18. g3 Qc7 19. c4 Ne7 20. Rd1 Rd8 21. Bg2 Rg4 22. Qc3 Rdxd4 23. 0-0 e5 24. Qf3 Qd7 25. Bc5 Rxd1 26. Rxd1 Qe6 27. Bh3 Rxc4 28. Qxh5 Rxc5 29. Qh8+ Ng8 30. Qxg8+ 1-0

[Event "Solingen op"]
[Site "Solingen"]
[Date "2000.10.06"]
[Round "3"]
[White "Reinemer, Frank"]
[Black "Abele, Stefan"]
[Result "1-0"]
[WhiteElo "2129"]
[BlackElo "1732"]
[PlyCount "47"]
[EventDate "2000.09.08"]
[EventType "swiss"]
[EventRounds "7"]
[EventCountry "GER"]
[SourceTitle "EXT 2005"]
[Source "ChessBase"]
[SourceDate "2004.11.15"]
[SourceVersion "1"]
[SourceVersionDate "2004.11.15"]
[SourceQuality "1"]

1. d4 d5 2. c4 c6 3. cxd5 cxd5 4. Nc3 Nf6 5. Bf4 Nc6 6. e3 a6 7. Bd3 e6 8. Nf3 Be7 9. h3 0-0 10. 0-0 b5 11. Ne5 Bb7 12. Bh2 Rc8 13. f4 Na5 14. Qf3 Ba8 15. Qe2 Nc4 16. f5 Bb4 17. Nxc4 dxc4 18. Bc2 Bxc3 19. bxc3 Ne4 20. fxe6 fxe6 21. Qg4 Qd5 22. Be5 g6 23. Bxe4 Qxe4 24. Qxe6+ 1-0